000
00331 a2200157 4500
001
70063
020
_a
8572084592
040
_c
Anchieta - Itaigara
100
_a
Pereira, Otoniel S.
240
1
0
_a
Bichário
_l
por
245
1
0
_a
Bichário
300
_a
32
362
0
_a
2006
650
4
_a
Literatura infanto-juvenil
942
_c
BK
999
_c
70063
_d
70063